Normal view
MARC view
Entry Personal Name
001 - CONTROL NUMBER
- control field: 5891
003 - CONTROL NUMBER IDENTIFIER
- control field: OSt
005 - DATE AND TIME OF LATEST TRANSACTION
- control field: 20190522122055.0
008 - FIXED-LENGTH DATA ELEMENTS
- fixed length control field: 190522|| aca||aabn | a|a d
040 ## - CATALOGING SOURCE
- Original cataloging agency: OSt
- Transcribing agency: OSt
100 ## - HEADING--PERSONAL NAME
- Personal name: Ruping, Xiao
670 ## - SOURCE DATA FOUND
- Source citation: Work cat.: (OSt): Ruping, Xiao, Inside the Asian cold war intrigues: revisiting the Taiwan strait crises, 2018
